| 000 | 01012nam a2200253 a 4500 | ||
|---|---|---|---|
| 001 | 67962 | ||
| 003 | BD-RjUL | ||
| 005 | 20211209081721.0 | ||
| 008 | 170329b19691928nyu||||| |||| 00| 0 eng d | ||
| 035 | _a(BD-RjUL)68171 | ||
| 040 |
_aBD-RjUL _beng _cBD-RjUL |
||
| 041 | _aeng | ||
| 082 |
_223 _a978 _bRIS 1969 |
||
| 100 |
_aRister, Carl Coke _9201445 |
||
| 245 |
_aThe southwestern frontier--1865-1881 : _ba history of the coming of the settlers, Indian depredations and massacres, ranching activities, operations of white desperadoes and thieves, government protection, building of railways, and the disappearance of the frontier / _c Carl Coke Rister |
||
| 260 |
_aNew York : _bRussell & Russell, _c1928 [reissued 1969] |
||
| 300 |
_a336 p. ; _c19 cm. |
||
| 650 |
_aTexas _9201446 |
||
| 650 |
_aSouthwest _x000000000000000000New _9201447 |
||
| 650 |
_aFrontier and pioneer life _9137567 |
||
| 650 |
_aIndians of North America _9201448 |
||
| 650 |
_aIndians of North America--Wars _9143914 |
||
| 942 |
_2ddc _cBK |
||
| 999 |
_c67962 _d67962 |
||